| 000 | 00414cam a2200169ua 4500 | ||
|---|---|---|---|
| 020 | _c2.50 | ||
| 041 |
_ahin _h |
||
| 082 |
_a891.54 _bSHI/YU |
||
| 100 | _aShivadan Singh, Chouhan . | ||
| 245 |
_aYug chaya / _cShivadan Singh Chouhan. _hTextual Documents |
||
| 260 |
_aDelhi : _bRajkamal Prakashan , _c1962. |
||
| 300 | _a153 ; . | ||
| 365 | _a2.50 | ||
| 504 | _a | ||
| 942 | _cBK | ||
| 999 |
_c12502 _d12502 |
||